000 00476nam a2200145Ia 4500
008 090124s9999 xx 000 0 und d
082 _b202612
245 _a कळस चढविला मंदिरी
250 _a1
260 _bबेलवलकर वासुदेव ( कॅप्टन )
_c1981
300 _a527
630 _a कळस चढविला मंदिरी
730 _a कळस चढविला मंदिरी
942 _cBOOK
999 _c184193
_d184193